000 00289nam a22001337a 4500
008 170801b xxu||||| |||| 00| 0 eng d
020 _a9781563674839
041 _aeng
080 _a004
100 _a32
101 _aSHKI
245 _aDESIGN PORTFOLIOS
_cBENDER, D.M
942 _2udc
_cBK
999 _c22326
_d22326